|
|
แสดงรายละเอียดบรรณานุกรม |
|
|
Brief Record
: Get Marc (ISO 2709)
: E-mail record
: |
| LEADER 00000nam 2200000uu 4500 | |||
| 008 140903s2557||||th 000 0 tha d | |||
| 020 ^a284201418 | |||
| 041 0 ^atha^beng | |||
| 050 4 ^aBF637.S8 ว582ข 2557 | |||
| 100 0 ^aวิทยา ชาติบัญชาชัย,นายแพทย์ | |||
| 245 00 ^aข้อคิดประดิษฐ์ใจ/^bนายแพทย์วิทยา ชาติบัญชาชัย. | |||
| 260 ^aขอนแก่น : ^bศูนย์อุบัติเหตุและวิกฤตบำบัด โรงพยาบาลขอนแก่น,^c2557. | |||
| 300 ^a73 หน้า ;^bภาพประกอบ | |||
| 650 4 ^aการดำเนินชีวิต | |||
| 650 0 ^aความสำเร็จ | |||
| 710 2 ^aโรงพยาบาลขอนแก่น. ศูนย์อุบัติเหตุและวิกฤตบำบัด. | |||
| 999 ^aใช้งานได้ทุกระบบ | |||
| คุณยังไม่ได้ล็อกอิน คุณสามารถมีกิจกรรมร่วมกับเว็บไซต์ได้ แต่ต้องล็อกอินก่อน :: |
|
| สถานะ | |||||||||
| 1. | หนังสือทั่วไป | BF637.S8 ว582ข 2557 | On Shelf ขอยืม | ||||||
| [แสดง 1/1 รายการ] | |||||||||
BibComment |
| คอมเมนท์ทรัพยากรรายการนี้ |
|
|